003790000a22001210004500090001700000245007700017041001400094700004500108100003500153942001300188773003900201999001700240 aASbSeriadas10aOsornophryne, género nuevo de anfibios bufonidos de Colombia y Ecuador0 aEspañol1 aHernández Camacho, Jorge Ignacio936571 aRuiz Carranza, Pedro M.994187 cARTICULO1 tCaldasia345h54q93-148d1976g11 c14867d14867